00910nam a2200313Ia 4500001000900000003000500009005001700014008004100031010001100072020002200083040000900105082001900114245010200133260003000235300001100265440002500276503000700301504002800308650001800336650001600354650002000370650001800390650002900408650001800437650001600455650003300471700004000504710005200544dia_6524CHAP20251021155456.0220117s2015 xx 000 0 und d a177596 a978-84-362-6975-8 cCHAP a641.1 M36 2015 aManual de alimentación : planificación alimentaria /c Socorro Coral Calvo Bruzos...[et al.] aEspaña :b UNED,c2015 a566 p. aCiencias de la salud aC. aIncluye bibliografías aDietética  aDietetics  aEating habits  aFood security aHábitos alimentarios  aNutrición  aNutrition  aSeguridad de los alimentos  aCalvo Bruzos, Socorro Coral, coaut. aUniversidad Nacional de Educación a Distancia